banner koha

Effect of odontoplasty on apparent digestibility and consumption time of diet for equines (Registro n. 300892)

MARC details
000 -LÍDER
fixed length control field 03863nab a2200361 i 4500
003 - CÓDIGO MARC DA AGÊNCIA CATALOGADORA
Campo de controle BR-BrBNA
005 - DATA E HORA DA ÚLTIMA ATUALIZAÇÃO
Campo de controle 20240814130314.0
008 - CAMPO DE TAMANHO FIXO
fixed length control field 240814b2018 bl.|r|pooa||| 00| 0 eng |
040 ## - FONTE DA CATALOGAÇÃO
Agência catalogadora BR-BrBNA
Idioma da catalogação eng
072 ## - CATEGORIA AGRIS
Código AGRIS L51
Código do objeto 5120
072 ## - CATEGORIA AGRIS
Código AGRIS L40
100 ## - ENTRADA PRINCIPAL - NOME PESSOAL
Nome pessoal Araújo, F.C.D.
100 ## - ENTRADA PRINCIPAL - NOME PESSOAL
Nome pessoal Cruz, M.G.
100 ## - ENTRADA PRINCIPAL - NOME PESSOAL
Nome pessoal Balieiro, J.C.C.
100 ## - ENTRADA PRINCIPAL - NOME PESSOAL
Nome pessoal Menezes, M.L.
100 ## - ENTRADA PRINCIPAL - NOME PESSOAL
Nome pessoal Moreira, C.G.
100 ## - ENTRADA PRINCIPAL - NOME PESSOAL
Nome pessoal Giunco, C.
100 ## - ENTRADA PRINCIPAL - NOME PESSOAL
Nome pessoal Correa, G.F.
100 ## - ENTRADA PRINCIPAL - NOME PESSOAL
Nome pessoal Brandi, R.A.
245 ## - TÍTULO PRINCIPAL
Título principal Effect of odontoplasty on apparent digestibility and consumption time of diet for equines
500 ## - NOTA GERAL
Nota geral Publicação online; 27 ref.; 3 tables; Summaries (En, Pt)
942 ## - ADDED ENTRY ELEMENTS (KOHA)
Koha item type
520 ## - NOTA DE RESUMO
Nota de conteúdo <br/><br/>ABSTRACT - The aim of this study was to investigate the effect of odontoplasty on apparent digestibility of diet for horses, consumption time, and particle size of feces. Nine horses were used, aged 14.5±3.3 years and weightng 531±38.7kg. The diet consisted of 1.5% of live weight (LW) in Tifton 85 hay and 0.75% of LW in concentrate for both assays. The experiment consisted of two tests of apparent digestibility using the method of total collection, before and after the odontoplasty, where the consumption time of hay and concentrate was also evaluated and the particle size of the feces was analyzed. An effect (P<0.05) of odontoplasty on the apparent digestibility coefficients of dry matter, organic matter, crude protein, neutral detergent fiber and acid detergent fiber was observed. Effect of the consumption time for the concentrate (P<0.05) was observed, but not for the forage (P<0.05). There was more retention (P<0.05) of the fecal particles in the sieves of bigger granulometry. The odontoplasty increases the digestibility of dietary nutrients and feces particle size, without changing feces quality. Animals after the procedure have shorter concentrate consumption time.<br/><br/><br/>Keywords: horses, nutrition, performance, dentistry
520 ## - NOTA DE RESUMO
Nota de conteúdo <br/><br/>RESUMO - O objetivo deste estudo foi investigar o efeito da odontoplastia sobre a digestibilidade aparente de dieta para equinos, o tempo de consumo e o tamanho de partícula das fezes. Foram utilizados nove equinos, com idade de 14,5±3,3 anos e peso de 531±38,7kg. A dieta consistiu do oferecimento de 1,5% do peso vivo (PV) em feno de Tifton 85 e 0,75% do PV em concentrado para ambos os ensaios. O experimento compôs-se de dois ensaios de digestibilidade aparente pelo método de coleta total, antes e após a odontoplastia, em que também foi avaliado o tempo de consumo do feno e do concentrado e analisado o tamanho de partícula das fezes. Foi observado efeito (P<0,05) da odontoplastia sobre os coeficientes de digestibilidade aparente da matéria seca, matéria orgânica, proteína bruta, fibra em detergente neutro e fibra em detergente ácido. Verificou-se efeito do tempo de consumo para o concentrado (P<0,05), porém não se observou para o volumoso (P<0,05). Houve maior retenção (P<0,05) das partículas das fezes nas peneiras de maior granulometria. A odontoplastia aumenta a digestibilidade dos nutrientes da dieta e o tamanho de partículas nas fezes, sem alterar a qualidade destas. Animais após o procedimento apresentam menor tempo de consumo de concentrado.<br/><br/><br/>Palavras-chave: cavalos, nutrição, desempenho, odontologia
650 ## - ASSUNTO - THESAGRO
Cabeçalho tópico ou nome geográfico CAVALO
650 ## - ASSUNTO - THESAGRO
Cabeçalho tópico ou nome geográfico NUTRIÇÃO ANIMAL
650 ## - ASSUNTO - THESAGRO
Cabeçalho tópico ou nome geográfico DIGESTIBILIDADE
650 ## - ASSUNTO - THESAGRO
Cabeçalho tópico ou nome geográfico ODONTOLOGIA
650 ## - ASSUNTO - THESAGRO
Cabeçalho tópico ou nome geográfico ANATOMIA ANIMAL
773 0# - ENTRADA ANALÍTICA
Host Biblionumber 1643
Registro do item 317174
Imprenta Belo Horizonte-MG Universidade Federal de Minas Gerais - Escola de Veterinaria 1983
Outro identificador 2024-3790
Título Arquivo Brasileiro de Medicina Veterinária e Zootecnia (Brazil)
ISSN 0102-0935
Colação v. 70(1) p. 29-36; (2018)
Número de controle de registro BR2024002269
856 ## - ACESSO E ENDEREÇO ELETRÔNICO
Identificador uniforme de recurso - URI https://www.scielo.br/j/abmvz/a/QwbwCGvbSfR9GHwZt7pyYTC/?format=pdf&lang=en

Nenhum exemplar disponível.

BINAGRI

Telefone: (61)3218-2567/2388/3357/2097 - binagri@agro.gov.br

Ministério da Agricultura e Pecuária , Esplanada dos Ministérios, Bloco D, Anexo B, Brasília/DF, CEP: 70.043-900